| Tag |
First Indicator |
Second Indicator |
Subfields |
| LEADER |
00000nam a2200000 4500 |
| 001 |
in00004311368 |
| 005 |
20200813084721.0 |
| 006 |
m g d |
| 007 |
cr bn |||a|bb| |
| 008 |
850923s1642 enk o 00| | eng d |
| 035 |
|
|
|a (UnM)99873492
|
| 037 |
|
|
|a CL0051000001
|b ProQuest Information and Learning. 300 N. Zeeb Rd., Ann Arbor, MI 48106
|
| 040 |
|
|
|a Cu-RivES
|c Cu-RivES
|d CStRLIN
|e dcrb
|d WaOLN
|
| 100 |
0 |
|
|a True-hearted well-wisher to Great Brittanes happinesse.
|
| 245 |
1 |
0 |
|a Great Brittans ruine plotted by seven sorts of men; :
|b discoved [sic] and counter plotted: in which is contained a probable way for the happy and peaceable composing of all the distempers of the time, with articles for the finding out of scandalous ministers. commended in a letter to a friend, and now recommended to the Honourable Parliaments consideration. By a true-hearted well-wisher to great Brittanes happinesse.
|
| 260 |
|
|
|a London :
|b Printed for Thomas Vnderhill, and are to be sold at the signe of the Bible in Woodstreet,
|c M.D.C.XLI [1641 id est 1642]
|
| 300 |
|
|
|a 1 online resource ([2], 31, [1] pages)
|
| 336 |
|
|
|a text
|b txt
|2 rdacontent
|
| 337 |
|
|
|a computer
|b c
|2 rdamedia
|
| 338 |
|
|
|a online resource
|b cr
|2 rdacarrier
|
| 500 |
|
|
|a Reproduction of the original in the British Library.
|
| 510 |
4 |
|
|a Wing (2nd edition)
|c G1669
|
| 510 |
4 |
|
|a Thomason
|c E.134[31]
|
| 533 |
|
|
|a Electronic reproduction.
|b Ann Arbor, Mich. :
|c UMI,
|d 1999-
|f (Early English books online)
|n Digital version of: (Thomason Tracts ; 24:E134[31])
|7 s1999 miun s
|
| 651 |
|
0 |
|a Great Britain
|x History
|y Civil War, 1642-1649
|v Early works to 1800.
|
| 651 |
|
0 |
|a Great Britain
|x Politics and government
|y 1642-1649
|v Early works to 1800.
|
| 830 |
|
0 |
|a Early English books online.
|
| 856 |
4 |
0 |
|u http://proxy.library.tamu.edu/login?url=https://search.proquest.com/docview/2240952909
|z Connect to the full text of this electronic book
|t 0
|
| 999 |
f |
f |
|s e60a4dac-5233-35e9-8183-14b5e615e0a7
|i 5d5ccc25-4c40-35ef-b078-aadafeeca565
|t 0
|
| 952 |
f |
f |
|a Texas A&M University
|b College Station
|c Electronic Resources
|d Available Online
|t 0
|h No information provided
|
| 998 |
f |
f |
|t 0
|l Available Online
|